Football : les 30 nommés au ballon d'or 2025 . Mort subite - Statistiques

Statistiques générales
  • Ce quiz a été pris 2 562 fois
  • Le résultat moyen est 11 sur 30
Answers on the Grid
Answers color-coded by a green-red scale on the quiz's grid according to % correct below.
Achraf Hakimi
Alexander Isak
Alexis Mac Allister
Bastoni
Bradley Barcola
Cole Palmer
Declan Rice
Denzel Dumfries
Désiré Doué
Erling Haaland
Fabian Ruiz
Federico Valverde
Florian Wirtz
Gianluigi Donnarumma
Harry Kane
Heung Min Son
Jamal Musiala
Joao Neves
Jude Bellingham
Khvicha Kvaratskhelia
Kylian Mbappé
Lamine Yamal
Lautaro Martinez
Marcus Thuram
Marquinhos
Michael Olise
Mohamed Salah
Nicolo Barella
Nuno Mendes
Ousmane Dembélé
Pedri
Raphinha
Rayan Cherki
Robert Lewandowski
Rodri
Ryan Gravenberch
Scott Mctominay
Serhou Guirassy
Viktor Gyokeres
Vinicius Junior
Virgil Van Dijk
Vitinha
William Saliba
Willian Pacho
Yann Sommer
 
Statistiques - réponses
Réponse % Correct
Achraf Hakimi
95%
Cole Palmer
55%
Désiré Doué
52%
Kylian Mbappé
47%
Lamine Yamal
47%
Erling Haaland
46%
Declan Rice
42%
Gianluigi Donnarumma
42%
Alexis Mac Allister
39%
Harry Kane
39%
Fabian Ruiz
38%
Joao Neves
38%
Khvicha Kvaratskhelia
37%
Ousmane Dembélé
35%
Raphinha
34%
Jude Bellingham
33%
Mohamed Salah
33%
Pedri
33%
Lautaro Martinez
32%
Vitinha
32%
Nuno Mendes
31%
Denzel Dumfries
30%
Florian Wirtz
30%
Michael Olise
28%
Vinicius Junior
26%
Viktor Gyokeres
23%
Scott Mctominay
22%
Robert Lewandowski
21%
Virgil Van Dijk
21%
Serhou Guirassy
20%
Aucun quiz correspondant
Distribution des résultats
% des personnes avec chaque résultat
Percentile par nombre de réponses
Votre historique - résultats
Vous n’avez pas pris ce quiz